| 000 | 00673nam a2200205 i 4500 | ||
|---|---|---|---|
| 001 | 172626 | ||
| 003 | ES-MaACL | ||
| 005 | 20230906215003.0 | ||
| 008 | 090803s1956 xxk |||| | eng d | ||
| 080 | _a1 Hobbes, Thomas | ||
| 100 | 1 |
_aPeters, R. S. _991475 |
|
| 245 | 1 | 0 |
_aHobbes / _cRichard Peters. |
| 260 |
_aHarmondsworth, Middlesex : _bPenguin Books, _c1956. |
||
| 300 |
_a272 p. ; _c18 cm. |
||
| 490 | 1 |
_aPelican philosophy ; _v367 |
|
| 600 | 0 | 4 |
_aHobbes, Thomas- _xCrítica e interpretación. _963854 |
| 830 | 0 |
_aPelican philosophy ; _v367 _9223396 |
|
| 852 | 4 |
_aES-MaACL _jE-12912 _9R.139276 _z. - Biblioteca Jacinto Martínez Lacalle |
|
| 999 |
_c172626 _d172626 |
||